000 00443nam a2200181Ia 4500
001 23649
005 20260414150951.0
008 260414t2000||||xx |||||||||||||| ||spa||
041 _aESP
082 _a681.51
_bG23
100 _aGarcía Moreno, Emilio
_eAUT
245 0 _aAutomatización de procesos industriales
_b
260 _c2000
300 _a377 páginas :
_c23 cm.
650 _aTCA
654 _aCII
942 _cLIB
_dJUS
_fJUS
_2ddc
_n
999 _c23649
_d23649